000 02103cam a2200373 a 4500
999 _c114187
_d114187
003 BJBSDDR
005 20230411090642.0
007 ta
008 071106s2008 ohu 001 0 eng
020 _a9781582974873 (hbk. : alk. paper)
020 _a158297487X (hbk. : alk. paper)
035 _a(OCoLC)ocn172984523
035 _a(OCoLC)172984523
040 _aDLC
_cDLC
_bspa
041 _aeng
050 1 4 _aPN 145
_bC885 2008
082 0 0 _a808/.02
245 0 4 _aThe craft & business of writing :
_bessential tools for writing success /
_cfrom the editors of Writer's Digest Books.
246 3 _aCraft and business of writing
260 _aCincinnati, Ohio :
_bWriter's Digest Books,
_cc2008.
300 _aviii, 392 p. ;
_c24 cm.
500 _aIncludes index.
505 _aFiction -- Nonfiction -- Children's writing -- Poetry.
520 _aFor more than eighty years., the Writer's Market series has provided the timeless advice and detailed instruction writers have come to depend on to achieve their goals. The Craft & Business of Writing offers the best of that instruction from award-winning writers such as M. J. Rose, Lee K. Abbott, Alyce Miller, Fred Marchant, Jennifer Crusie, Megan McCafferty, Gary Provost, Monica Wood, and Deborah Hopkinson." "In this book, writers, agents, and editors offer their insights into every genre and facet of the publishing industry, so whether you write fiction, nonfiction, children's books, or poetry - or a little of everything - this essential all-in-one reference includes everything you need to start and maintain your writing career."--book jacket
650 0 _aAuthorship.
650 4 _aArte de escribir.
_9926
650 4 _aAutorĂ­a
_9925
650 4 _aPaternidad literaria
_98048
710 2 _aWriter's Digest Books (Firm)
_93980
856 4 1 _3Table of contents only
_uhttp://www.loc.gov/catdir/toc/ecip084/2007045826.html
906 _a7
_bcbc
_corignew
_d1
_eecip
_f20
_gy-gencatlg
942 _2lcc
_cBK